Del juego y del fuego / Carles Riba ; traducción de José Agustín Goytisolo ; prólogo de Jaume Pont
Descripción Física:
111 p. ; 22 cm
Colección:
Marca Hispánica
MARC
| LEADER | 00000nam a2200000Ia 4500 | ||
|---|---|---|---|
| 001 | 4969 | ||
| 008 | 160829s1987 xx 000 0 cat d | ||
| 080 | |a L-1-88 | ||
| 100 | 1 | |a Riba, Carles |d 1893-1959 |9 27494 | |
| 245 | |a Del juego y del fuego / Carles Riba ; traducción de José Agustín Goytisolo ; prólogo de Jaume Pont | ||
| 260 | |a Barcelona : |b Edicions del Mall, |c 1987 | ||
| 300 | |a 111 p. ; |c 22 cm | ||
| 490 | |a Marca Hispánica | ||
| 590 | |a Edició bilingüe català - castellà. | ||
| 590 | |a Títol original: 'Del joc i del foc' | ||
| 700 | 1 | |a Goytisolo, José Agustín, |d 1928-1999 |e traductor |9 37629 | |
| 700 | |a Pont, Jaume, pr. |9 27903 |e autor del pròleg | ||
| 901 | |a Arxiu | ||
| 942 | |n 1 |2 udc | ||
| 952 | |0 0 |1 0 |4 0 |6 L188 |7 1 |9 44591 |a Arxiu |b Arxiu |d 2016-12-01 |l 0 |o L-1-88 |p 4969 |r 2016-12-01 00:00:00 |w 2016-12-01 |y ARXIU | ||
| 999 | |c 47172 |d 47172 | ||